000 00575nam a2200193Ia 4500
005 20250326141923.0
008 250326s9999 xx 000 0 und d
020 _a1-86152-636-9
037 _aTextbook
040 _aFMSL
_beng
_cFMSL
041 _aeng
_2eng
084 _aX:74obD658(2:55) P0
_qFMSL
100 _aZeleny M
_9238590
245 0 _aIEBM handbook of information technology in business
_cZeleny M
260 _aLondon
_bLondon, Thomson Learning
_c2000
300 _a870p
942 _cTB
_hX:74obD658(2:55) P0
999 _c1292612
_d1292612